[Event "Torneo Zonale"]
[Site "Caorle ITA"]
[Date "1972.07.??"]
[Round "8"]
[White "Eising, Johannes"]
[Black "Ljubojevic, Ljubomir"]
[WhiteElo "2410"]
[BlackElo "2550"]
[Result "0-1"]
[PlyCount "112"]
[EventDate "1972.07.02"]

1. Nf3 Nf6 2. g3 b5 3. c3 Bb7 4. a4 b4 5. d4 e6 6. Bg2 c5 7. Bg5 bxc3 8. bxc3
cxd4 9. cxd4 Bb4+ 10. Nbd2 h6 11. Bxf6 Qxf6 12. O-O O-O 13. a5 Na6 14. Ne5 Bxg2
15. Kxg2 Rfc8 16. Ndf3 Bc3 17. Ra4 d6 18. Nc4 d5 19. Nd6 Rc6 20. Nb5 Qe7 21.
Ne5 Rcc8 22. Nxc3 Rxc3 23. Qd2 Rac8 24. Rb1 f6 25. Nf3 Qe8 26. Ra2 Qc6 27. Rab2
Rc2 28. Qd3 Rxb2 29. Rxb2 Qc4 30. Qa3 Rc7 31. Qd6 Qc6 32. Qa3 Qc1 33. Qb3 Qc4
34. Qa3 Kf7 35. h4 g5 36. e3 Qc1 37. Qb3 Qc3 38. Qb5 Qc4 39. hxg5 hxg5 40. g4
Ke7 41. Ne1 Qxb5 42. Rxb5 Kd6 43. f4 gxf4 44. exf4 Rc4 45. Rb7 Rxd4 46. Rxa7
Nc5 47. Kf3 e5 48. fxe5+ fxe5 49. Ng2 Rd3+ 50. Ke2 d4 51. Nh4 Rh3 52. Nf5+ Kc6
53. Ra8 d3+ 54. Kf2 d2 55. Ke2 Rh2+ 56. Kd1 Ne4 0-1

[Event "Torneo Zonale"]
[Site "Caorle ITA"]
[Date "1972.07.??"]
[Round "8"]
[White "Pomar Salamanca, Arturo"]
[Black "Forintos, Gyozo Victor"]
[WhiteElo "2460"]
[BlackElo "2495"]
[Result "1/2-1/2"]
[PlyCount "87"]
[EventDate "1972.07.02"]

1. d4 Nf6 2. Nf3 c5 3. c3 b6 4. Bg5 Bb7 5. Nbd2 e6 6. e3 Be7 7. Bd3 h6 8. Bh4
g5 9. Bg3 g4 10. Ne5 h5 11. f3 d6 12. Qa4+ Kf8 13. Nec4 h4 14. Bf4 a6 15. dxc5
b5 16. Qb3 dxc5 17. Ne5 h3 18. O-O-O hxg2 19. Rhg1 Nbd7 20. Be2 Qc8 21. Rxg2 c4
22. Qc2 gxf3 23. Bxf3 Nxe5 24. Bxe5 Rh5 25. Bxf6 Bxf6 26. Ne4 Rf5 27. Nd6 Bxf3
28. Nxc8 Rxc8 29. Rf1 Bxg2 30. Qxg2 Bg5 31. Rxf5 Bxe3+ 32. Kb1 exf5 33. Qh3 Re8
34. Qxf5 Bg1 35. h4 Re1+ 36. Kc2 Re2+ 37. Kd1 Rxb2 38. h5 Be3 39. Qe5 Rd2+ 40.
Ke1 Rd3 41. h6 Bd2+ 42. Kf1 Bxc3 43. Qb8+ Ke7 44. h7 1/2-1/2

[Event "Torneo Zonale"]
[Site "Caorle ITA"]
[Date "1972.07.??"]
[Round "8"]
[White "Pritchett, Craig William"]
[Black "Ree, Hans"]
[WhiteElo "2340"]
[BlackElo "2480"]
[Result "1/2-1/2"]
[PlyCount "59"]
[EventDate "1972.07.02"]

1. e4 d5 2. exd5 Nf6 3. d4 Nxd5 4. c4 Nb6 5. Nf3 Bg4 6. c5 N6d7 7. Be2 Nc6 8.
O-O e6 9. Nc3 Be7 10. Be3 O-O 11. Qb3 Qc8 12. h3 Bh5 13. Qc4 Rd8 14. b4 Bf8 15.
Rad1 Nf6 16. Bg5 Ne7 17. Bxf6 gxf6 18. d5 exd5 19. Nxd5 Nxd5 20. Rxd5 Rxd5 21.
Qxd5 Bg6 22. Nh4 c6 23. Qd4 Qe6 24. Nxg6 hxg6 25. Bc4 Qe7 26. Rd1 Kg7 27. Qd7
Re8 28. b5 Qxd7 29. Rxd7 Re7 30. Rxe7 1/2-1/2

[Event "Torneo Zonale"]
[Site "Caorle ITA"]
[Date "1972.07.??"]
[Round "8"]
[White "Silva, Fernando"]
[Black "Ivkov, Borislav"]
[WhiteElo "2295"]
[BlackElo "2520"]
[Result "0-1"]
[PlyCount "78"]
[EventDate "1972.07.02"]

1. e4 e5 2. Nf3 Nc6 3. Bb5 a6 4. Bxc6 dxc6 5. O-O f6 6. d4 Bg4 7. dxe5 Qxd1 8.
Rxd1 fxe5 9. Rd3 Bd6 10. Nbd2 b5 11. h3 Bh5 12. c4 Ne7 13. b3 c5 14. Ba3 Nc6
15. Rc1 b4 16. Bb2 O-O 17. a4 bxa3 18. Bxa3 a5 19. Rd5 Ne7 20. Rd3 Nc6 21. Rd5
Bf7 22. Rd3 Rfb8 23. Ng5 Nd4 24. Kf1 Bh5 25. Ngf3 Bxf3 26. gxf3 Ne6 27. f4 Nxf4
28. Rg3 Ne6 29. Bb2 a4 30. Ra1 Nd4 31. Rd3 axb3 32. Rxa8 Rxa8 33. Nxb3 Rb8 34.
Bxd4 cxd4 35. Nd2 Rb2 36. Nb3 Bb4 37. f4 c5 38. fxe5 Kf7 39. Rf3+ Ke6 0-1

[Event "Torneo Zonale"]
[Site "Caorle ITA"]
[Date "1972.07.??"]
[Round "8"]
[White "Tatai, Stefano"]
[Black "Jansa, Vlastimil"]
[WhiteElo "2460"]
[BlackElo "2480"]
[Result "1/2-1/2"]
[PlyCount "74"]
[EventDate "1972.07.02"]

1. e4 c5 2. Nf3 e6 3. d4 cxd4 4. Nxd4 Nf6 5. Nc3 d6 6. Be2 Be7 7. O-O Nc6 8.
Be3 O-O 9. f4 Bd7 10. Nb3 a5 11. a4 e5 12. Nd5 Nxe4 13. Bb6 Qc8 14. Nxa5 Bd8
15. Nc4 Nb4 16. Be3 Nxd5 17. Qxd5 Bc6 18. Qd3 exf4 19. Rxf4 Qe6 20. a5 Bc7 21.
Bb6 Bxb6+ 22. Nxb6 Rae8 23. Qd4 Qg6 24. Raf1 Ng3 25. hxg3 Rxe2 26. R4f2 Rfe8
27. Qf4 Rxf2 28. Qxf2 Re4 29. c4 f6 30. b4 Qg4 31. b5 Re2 32. bxc6 Rxf2 33. c7
Rxf1+ 34. Kxf1 Qd1+ 35. Kf2 Qd2+ 36. Kg1 Qd1+ 37. Kh2 Qh5+ 1/2-1/2

[Event "Torneo Zonale"]
[Site "Caorle ITA"]
[Date "1972.07.??"]
[Round "8"]
[White "Williams, Arthur Howard"]
[Black "Friedgood, David"]
[WhiteElo "2390"]
[BlackElo "2310"]
[Result "1-0"]
[PlyCount "105"]
[EventDate "1972.07.02"]

1. d4 Nf6 2. c4 c5 3. d5 e5 4. Nc3 d6 5. e4 Be7 6. Nf3 O-O 7. Be2 Ne8 8. O-O
Nd7 9. a3 g6 10. Bh6 Ng7 11. Qd2 Nf6 12. Ne1 Kh8 13. Nd3 Ng8 14. Be3 f5 15. f3
f4 16. Bf2 h5 17. b4 b6 18. a4 a5 19. bxc5 bxc5 20. Nb5 g5 21. Rad1 Ra6 22. Qc3
g4 23. Nxc5 dxc5 24. Qxe5 Rg6 25. Qc7 g3 26. hxg3 fxg3 27. Be3 Qxc7 28. Nxc7
Nh6 29. Nb5 Ne8 30. f4 Bg4 31. Rfe1 Bxe2 32. Rxe2 Ng4 33. Bd2 Nf2 34. Rf1 Rg4
35. e5 Rh4 36. Rfxf2 gxf2+ 37. Rxf2 Bd8 38. f5 Rxc4 39. d6 Bh4 40. Rf3 Re4 41.
Bh6 Re1+ 42. Kh2 Rf7 43. e6 Rb7 44. d7 Nc7 45. Bd2 Rd1 46. Rd3 Nxb5 47. d8=Q+
Bxd8 48. Rxd8+ Kg7 49. axb5 Rxd2 50. Rxd2 Rxb5 51. Rd7+ Kf8 52. f6 Rb8 53. Rh7
1-0

[Event "Torneo Zonale"]
[Site "Caorle ITA"]
[Date "1972.07.??"]
[Round "9"]
[White "Bohosjan, Sarkis Stepan"]
[Black "Wirthensohn, Heinz"]
[WhiteElo "2425"]
[BlackElo "2315"]
[Result "1-0"]
[PlyCount "75"]
[EventDate "1972.07.02"]

1. e4 c5 2. Nc3 Nc6 3. f4 g6 4. Nf3 Bg7 5. g3 d6 6. Bg2 e5 7. O-O Nge7 8. d3
O-O 9. f5 gxf5 10. Nh4 Nd4 11. Qh5 f4 12. gxf4 Nxc2 13. Rb1 Nd4 14. fxe5 dxe5
15. Nf5 Ndxf5 16. exf5 f6 17. Be4 Qe8 18. Qh4 Nxf5 19. Qh3 Qg6+ 20. Kh1 Ne7 21.
Qh4 f5 22. Rg1 Qf7 23. Nd5 Nxd5 24. Bh6 fxe4 25. Rxg7+ Qxg7 26. Bxg7 Kxg7 27.
Qg5+ Kf7 28. Rf1+ Ke8 29. Rxf8+ Kxf8 30. Qd8+ Kg7 31. Qxd5 exd3 32. Qxe5+ Kf7
33. Qc7+ Kg6 34. Qd6+ Kg5 35. Qd8+ Kf4 36. Qxd3 Bf5 37. Qg3+ Ke4 38. Kg1 1-0

[Event "Torneo Zonale"]
[Site "Caorle ITA"]
[Date "1972.07.??"]
[Round "9"]
[White "Forintos, Gyozo Victor"]
[Black "Tatai, Stefano"]
[WhiteElo "2495"]
[BlackElo "2460"]
[Result "1/2-1/2"]
[PlyCount "82"]
[EventDate "1972.07.02"]

1. b3 c5 2. Bb2 d5 3. e3 Nf6 4. Nf3 e6 5. c4 Nc6 6. cxd5 Nxd5 7. Na3 Bd7 8. Bc4
Nf6 9. O-O Be7 10. Re1 O-O 11. e4 Nb4 12. Bf1 Bc6 13. d3 b6 14. Nc4 Bb7 15. Qd2
Rc8 16. Rad1 b5 17. Ne3 Qb6 18. Ba1 Rfd8 19. Qb2 Nc6 20. Nc2 Bf8 21. h3 a6 22.
a3 Rd7 23. Rc1 a5 24. Be2 Rcd8 25. Red1 Ba6 26. Nfe1 Ne8 27. g3 f6 28. Ng2 b4
29. axb4 Nxb4 30. Nge1 Bd6 31. Qb1 Nc6 32. Ne3 Rb7 33. Nc4 Bxc4 34. bxc4 Qxb1
35. Rxb1 Rdb8 36. Rxb7 Rxb7 37. f4 Rb3 38. Nf3 Kf7 39. e5 Be7 40. Kf2 Nc7 41.
g4 Na6 1/2-1/2

[Event "Torneo Zonale"]
[Site "Caorle ITA"]
[Date "1972.07.??"]
[Round "9"]
[White "Friedgood, David"]
[Black "Eising, Johannes"]
[WhiteElo "2310"]
[BlackElo "2410"]
[Result "1-0"]
[PlyCount "70"]
[EventDate "1972.07.02"]

1. c4 g6 2. Nc3 c5 3. g3 Bg7 4. Bg2 Nc6 5. e4 d6 6. Nge2 Nf6 7. O-O O-O 8. d3
Ne8 9. a3 Nc7 10. Rb1 a5 11. Nd5 Bd7 12. b3 Rb8 13. Bb2 Bxb2 14. Rxb2 b5 15.
Qd2 e6 16. Nxc7 Qxc7 17. Rd1 e5 18. cxb5 Rxb5 19. Nc3 Rb7 20. Nd5 Qd8 21. Rdb1
Be6 22. Ne3 Qe7 23. Nc4 Ra8 24. Bf3 Kg7 25. Kg2 Rb5 26. h4 h6 27. Bd1 Qd8 28.
Ne3 Ra7 29. Bg4 Rab7 30. Bxe6 fxe6 31. Qd1 Nd4 32. h5 gxh5 33. Qxh5 a4 34. Nc4
Rxb3 35. Rxb3 axb3 1-0

[Event "Torneo Zonale"]
[Site "Caorle ITA"]
[Date "1972.07.??"]
[Round "9"]
[White "Ivkov, Borislav"]
[Black "Pomar Salamanca, Arturo"]
[WhiteElo "2520"]
[BlackElo "2460"]
[Result "1/2-1/2"]
[PlyCount "37"]
[EventDate "1972.07.02"]

1. c4 c6 2. e4 d5 3. exd5 cxd5 4. d4 Nf6 5. Nc3 e6 6. Nf3 Be7 7. cxd5 Nxd5 8.
Bd3 Nc6 9. O-O O-O 10. Re1 Bd7 11. Nxd5 exd5 12. Ne5 Bb4 13. Bd2 Bxd2 14. Qxd2
Re8 15. Re3 Nxe5 16. dxe5 d4 17. Re4 Bf5 18. Rf4 Bxd3 19. Qxd3 1/2-1/2

[Event "Torneo Zonale"]
[Site "Caorle ITA"]
[Date "1972.07.??"]
[Round "9"]
[White "Jansa, Vlastimil"]
[Black "Bellon Lopez, Juan Manuel"]
[WhiteElo "2480"]
[BlackElo "2385"]
[Result "1/2-1/2"]
[PlyCount "69"]
[EventDate "1972.07.02"]

1. e4 c5 2. Nf3 Nc6 3. d4 cxd4 4. Nxd4 g6 5. c4 Bg7 6. Be3 b6 7. Nc3 Bb7 8. Be2
Nf6 9. O-O O-O 10. Qd2 Rc8 11. f3 Ne8 12. Rfd1 d6 13. Rac1 Qd7 14. b3 Nc7 15.
Nc2 f5 16. exf5 Qxf5 17. Bh6 Bxh6 18. Qxh6 Nd8 19. Nd4 Qc5 20. Qd2 Nde6 21. Kh1
Nxd4 22. Qxd4 Qg5 23. Ne4 Qf4 24. Nf2 Qg5 25. Qd2 Qxd2 26. Rxd2 a5 27. Rb1 Rf7
28. Bd3 Ne6 29. Be4 Rc7 30. Bxb7 Rxb7 31. Ne4 b5 32. cxb5 Rxb5 33. Rc1 Rf8 34.
Rc6 Ra8 35. h4 1/2-1/2

[Event "Torneo Zonale"]
[Site "Caorle ITA"]
[Date "1972.07.??"]
[Round "9"]
[White "Keene, Raymond Dennis"]
[Black "Pritchett, Craig William"]
[WhiteElo "2435"]
[BlackElo "2340"]
[Result "1/2-1/2"]
[PlyCount "27"]
[EventDate "1972.07.02"]

1. Nf3 Nf6 2. g3 g6 3. b3 Bg7 4. Bb2 c5 5. c4 Nc6 6. Bg2 O-O 7. O-O d6 8. Nc3
Ne4 9. Qc2 Bf5 10. d3 Nxc3 11. Bxc3 Nd4 12. Nxd4 cxd4 13. Bd2 Qd7 14. Rfe1
1/2-1/2

[Event "Torneo Zonale"]
[Site "Caorle ITA"]
[Date "1972.07.??"]
[Round "9"]
[White "Ljubojevic, Ljubomir"]
[Black "Silva, Fernando"]
[WhiteElo "2550"]
[BlackElo "2295"]
[Result "1-0"]
[PlyCount "45"]
[EventDate "1972.07.02"]

1. e4 c5 2. Nf3 Nc6 3. d4 cxd4 4. Nxd4 g6 5. c4 Nf6 6. Nc3 d6 7. Nc2 Bg7 8. Be2
O-O 9. O-O Be6 10. f4 Qa5 11. Bd2 Rfc8 12. Kh1 Qd8 13. Qe1 a5 14. Qh4 Nb4 15.
Ne3 Na6 16. f5 Bd7 17. g4 Bc6 18. g5 Nc5 19. fxg6 Ncxe4 20. Nxe4 Nxe4 21. Qxh7+
Kf8 22. Rxf7+ Ke8 23. Nd5 1-0

[Event "Torneo Zonale"]
[Site "Caorle ITA"]
[Date "1972.07.??"]
[Round "9"]
[White "Ree, Hans"]
[Black "Williams, Arthur Howard"]
[WhiteElo "2480"]
[BlackElo "2390"]
[Result "1/2-1/2"]
[PlyCount "120"]
[EventDate "1972.07.02"]

1. d4 Nf6 2. c4 c5 3. d5 e5 4. Nc3 d6 5. e4 Be7 6. Nf3 O-O 7. Be2 Nbd7 8. O-O
a6 9. Rb1 b6 10. b4 cxb4 11. Rxb4 Nc5 12. Qc2 Qc7 13. Ne1 Rb8 14. f3 Nh5 15.
Be3 Nf4 16. Nd3 f5 17. Nxc5 bxc5 18. Rxb8 Qxb8 19. Rb1 Qc7 20. Bf1 Bg5 21. Qc1
Bd8 22. Bd2 Qf7 23. exf5 Bxf5 24. Rb8 Ba5 25. Rxf8+ Qxf8 26. Qb2 Qc8 27. Qb3
Bd8 28. g3 Ng6 29. Ne4 Bxe4 30. fxe4 Nf8 31. Be2 Qc7 32. Bg4 Qb6 33. Qxb6 Bxb6
34. Bc8 a5 35. Kf2 Kf7 36. Ke2 h6 37. Kd3 Nh7 38. Bg4 Nf6 39. Bf3 Ke7 40. Kc2
Kd7 41. Kb3 Kc7 42. Ka4 Kb7 43. Kb5 Bd8 44. h4 Bb6 45. a3 Bd8 46. Be3 Bb6 47.
g4 Nh7 48. g5 hxg5 49. hxg5 Bd8 50. a4 Bc7 51. g6 Bb6 52. Bg4 Bd8 53. Bd7 Bc7
54. Bc6+ Kc8 55. Ba8 Kd7 56. Ka6 Kc8 57. Ka7 Bd8 58. Bc6 Kc7 59. Ka6 Kb8 60.
Kb5 Kc8 1/2-1/2

[Event "Torneo Zonale"]
[Site "Caorle ITA"]
[Date "1972.07.??"]
[Round "10"]
[White "Bellon Lopez, Juan Manuel"]
[Black "Forintos, Gyozo Victor"]
[WhiteElo "2385"]
[BlackElo "2495"]
[Result "0-1"]
[PlyCount "80"]
[EventDate "1972.07.02"]

1. b3 e5 2. Bb2 Nc6 3. e3 d6 4. Bb5 Bd7 5. d3 Nge7 6. Nf3 a6 7. Bxc6 Nxc6 8.
Nc3 Bg4 9. h3 Bh5 10. Qe2 d5 11. g4 Bg6 12. O-O-O Be7 13. Nxe5 Nxe5 14. f4 f6
15. fxe5 fxe5 16. Qg2 c6 17. Ne2 Qc7 18. Ng3 O-O-O 19. e4 Rhe8 20. Rhf1 a5 21.
Nf5 Bf8 22. Rde1 d4 23. Kb1 Bf7 24. g5 a4 25. Re2 Bg8 26. Ref2 Qa5 27. g6 h6
28. Qg4 Kb8 29. Qh5 Qb5 30. Bc1 Ka7 31. Qd1 Kb6 32. h4 Ra8 33. h5 Red8 34. Rf3
axb3 35. cxb3 Rxa2 36. Kxa2 Ra8+ 37. Kb2 Ba3+ 38. Kb1 Bxb3 39. Nxd4 exd4 40.
Rf5 Qb4 0-1

[Event "Torneo Zonale"]
[Site "Caorle ITA"]
[Date "1972.07.??"]
[Round "10"]
[White "Dunkelblum, Arthur"]
[Black "Bohosjan, Sarkis Stepan"]
[WhiteElo "2240"]
[BlackElo "2425"]
[Result "1/2-1/2"]
[PlyCount "53"]
[EventDate "1972.07.02"]

1. d4 Nf6 2. c4 c5 3. Nf3 g6 4. g3 Bg7 5. Bg2 O-O 6. Nc3 Nc6 7. O-O cxd4 8.
Nxd4 Qb6 9. Nc2 d6 10. Rb1 Qc5 11. b3 Qh5 12. f3 Bh3 13. Bb2 Bxg2 14. Kxg2 Qa5
15. Qd2 Rac8 16. Rfd1 a6 17. a3 b5 18. Ne3 bxc4 19. Nxc4 Qc7 20. e4 Na5 21.
Nxa5 Qxa5 22. b4 Qb6 23. Rbc1 Rc6 24. Nd5 Nxd5 25. Qxd5 Rfc8 26. Rxc6 Rxc6 27.
Rc1 1/2-1/2

[Event "Torneo Zonale"]
[Site "Caorle ITA"]
[Date "1972.07.??"]
[Round "10"]
[White "Pomar Salamanca, Arturo"]
[Black "Ljubojevic, Ljubomir"]
[WhiteElo "2460"]
[BlackElo "2550"]
[Result "1/2-1/2"]
[PlyCount "54"]
[EventDate "1972.07.02"]

1. d4 Nf6 2. c4 e6 3. Nf3 c5 4. Nc3 cxd4 5. Nxd4 Nc6 6. g3 Bc5 7. Nb3 Be7 8.
Bg2 d6 9. O-O O-O 10. h3 a6 11. Bf4 h6 12. Rc1 Rb8 13. Qd2 Nh5 14. Be3 Ne5 15.
Qd4 b5 16. c5 Nc4 17. cxd6 Bxd6 18. Rfd1 Qe7 19. Ne4 e5 20. Qd3 Bb4 21. Rb1 Bb7
22. Bc5 Bxe4 23. Bxe7 Bxd3 24. Bxf8 Bxb1 25. Bxb4 Bxa2 26. Na5 Nxa5 27. Bxa5
Bc4 1/2-1/2

[Event "Torneo Zonale"]
[Site "Caorle ITA"]
[Date "1972.07.??"]
[Round "10"]
[White "Silva, Fernando"]
[Black "Friedgood, David"]
[WhiteElo "2295"]
[BlackElo "2310"]
[Result "1/2-1/2"]
[PlyCount "65"]
[EventDate "1972.07.02"]

1. e4 g6 2. d4 Bg7 3. c4 d6 4. Nc3 e5 5. dxe5 dxe5 6. Qxd8+ Kxd8 7. Bg5+ f6 8.
O-O-O+ Nd7 9. Be3 Bh6 10. Nd5 Bxe3+ 11. Nxe3 c6 12. Be2 Kc7 13. Bg4 Nh6 14. Bh3
Nc5 15. Bxc8 Raxc8 16. f3 f5 17. exf5 gxf5 18. Ne2 e4 19. fxe4 fxe4 20. Rhf1
Rcd8 21. Rf6 Rxd1+ 22. Kxd1 Rd8+ 23. Kc2 Rd6 24. Rf4 Ng8 25. Rf7+ Rd7 26. Rxd7+
Kxd7 27. Ng4 h5 28. Nf2 a5 29. Kd2 Kd6 30. Ke3 Ke5 31. Nc3 Nf6 32. b3 Kf5 33.
g3 1/2-1/2

[Event "Torneo Zonale"]
[Site "Caorle ITA"]
[Date "1972.07.??"]
[Round "10"]
[White "Tatai, Stefano"]
[Black "Ivkov, Borislav"]
[WhiteElo "2460"]
[BlackElo "2520"]
[Result "1/2-1/2"]
[PlyCount "115"]
[EventDate "1972.07.02"]

1. e4 e5 2. Nf3 Nc6 3. Bb5 a6 4. Ba4 d6 5. O-O Bd7 6. d4 Nf6 7. c3 Be7 8. Nbd2
O-O 9. Re1 Re8 10. Nf1 Bf8 11. Ng3 g6 12. h3 Bg7 13. a3 h6 14. Bc2 a5 15. Rb1
a4 16. d5 Ne7 17. c4 c5 18. dxc6 Bxc6 19. Be3 Nc8 20. Qd2 Kh7 21. Bd3 Nb6 22.
c5 dxc5 23. Bxc5 Nbd7 24. Bb4 Nf8 25. Qe3 N6d7 26. Rbd1 Ne6 27. Bb1 Qb6 28. Nf1
Qxe3 29. Nxe3 Bf8 30. Bxf8 Nexf8 31. Nc4 Re7 32. Rd6 Kg7 33. Red1 Bb5 34. Bd3
Ba6 35. Bf1 Rc8 36. Nb6 Nxb6 37. Bxa6 Nc4 38. Bxc4 Rxc4 39. Re1 f6 40. Rb6 Ne6
41. Nd2 Rc2 42. Nb1 Nc5 43. Nc3 Rd7 44. Nd5 Nd3 45. Rb1 Nxf2 46. Rf1 Nxe4 47.
Nxf6 Nxf6 48. Rfxf6 Rc6 49. Rfxc6 bxc6 50. Rxc6 Rb7 51. Ra6 Rxb2 52. Rxa4 Kf6
53. Ra6+ Kf5 54. a4 e4 55. g4+ Kg5 56. Re6 Ra2 57. Rxe4 Kh4 58. Re6 1/2-1/2

[Event "Torneo Zonale"]
[Site "Caorle ITA"]
[Date "1972.07.??"]
[Round "10"]
[White "Williams, Arthur Howard"]
[Black "Eising, Johannes"]
[WhiteElo "2390"]
[BlackElo "2410"]
[Result "1/2-1/2"]
[PlyCount "61"]
[EventDate "1972.07.02"]

1. Nf3 c5 2. c4 g6 3. d4 Bg7 4. d5 d6 5. e4 e5 6. Nc3 Nd7 7. Be2 Ne7 8. a3 h6
9. b4 b6 10. Rb1 f5 11. Nd2 Nf6 12. f3 f4 13. Nb3 g5 14. Bd2 Bd7 15. bxc5 dxc5
16. Nb5 Nc8 17. Nc1 Kf7 18. Nd3 Ne8 19. a4 a6 20. Na3 a5 21. Bc3 Qe7 22. Nb5
Bxb5 23. cxb5 Ned6 24. Nf2 Ke8 25. Qb3 Nf7 26. Kd2 Ncd6 27. Rbg1 h5 28. Kc2 Kd7
29. Kb2 Bf6 30. Ka2 Kc7 31. Qb2 1/2-1/2

[Event "Torneo Zonale"]
[Site "Caorle ITA"]
[Date "1972.07.??"]
[Round "10"]
[White "Wirthensohn, Heinz"]
[Black "Jansa, Vlastimil"]
[WhiteElo "2315"]
[BlackElo "2480"]
[Result "0-1"]
[PlyCount "72"]
[EventDate "1972.07.02"]

1. c4 f5 2. Nf3 Nf6 3. g3 g6 4. Bg2 Bg7 5. O-O O-O 6. d4 d6 7. Nc3 c6 8. d5 Qa5
9. Bd2 Qa6 10. b3 cxd5 11. cxd5 Nbd7 12. Rc1 Nc5 13. Be3 Bd7 14. Ne5 Be8 15.
Nc4 Rc8 16. Re1 b5 17. Nb2 b4 18. Nca4 Nxa4 19. bxa4 Ng4 20. Rxc8 Nxe3 21. fxe3
Qxc8 22. Nd3 Bc3 23. Rf1 Qa6 24. Nf4 Bxa4 25. Qb1 Qb6 26. Qc1 Rc8 27. Kh1 Bd7
28. e4 Bf6 29. Qd2 Qd4 30. Qxd4 Bxd4 31. exf5 Bxf5 32. Ne6 Be5 33. e4 Bxe6 34.
dxe6 a5 35. Rb1 a4 36. Bf3 b3 0-1

[Event "Torneo Zonale"]
[Site "Caorle ITA"]
[Date "1972.07.??"]
[Round "11"]
[White "Bohosjan, Sarkis Stepan"]
[Black "Pritchett, Craig William"]
[WhiteElo "2425"]
[BlackElo "2340"]
[Result "1-0"]
[PlyCount "100"]
[EventDate "1972.07.02"]

1. e4 c5 2. Nf3 e6 3. Nc3 Nc6 4. b3 a6 5. g3 Qc7 6. Bg2 Nf6 7. O-O Be7 8. Re1
d6 9. Bb2 O-O 10. d3 Nd7 11. Qd2 Bf6 12. h4 b5 13. Nh2 Bb7 14. Ng4 Bd4 15. Nd1
Bxb2 16. Nxb2 Nce5 17. Ne3 Nf6 18. c3 Neg4 19. Nf1 Nd7 20. f3 Nge5 21. Ne3 Nf6
22. Nbd1 a5 23. d4 cxd4 24. cxd4 Nc6 25. Nf2 Qb6 26. Rad1 Rfd8 27. d5 exd5 28.
exd5 Ne5 29. Kh2 Bc8 30. Rc1 Bd7 31. f4 Ng6 32. Bf3 a4 33. Nc2 Rdc8 34. Nd4 Rc5
35. Nc6 Rc8 36. Rxc5 dxc5 37. Na5 c4 38. b4 c3 39. Qc2 Qd6 40. Nc6 Bxc6 41.
dxc6 Nd5 42. a3 Nge7 43. Re4 Qf6 44. Re5 Nxf4 45. Rxe7 Qxe7 46. gxf4 Qxh4+ 47.
Kg2 Qf6 48. Nd1 Qxf4 49. Qxc3 Re8 50. Qd3 h5 1-0

[Event "Torneo Zonale"]
[Site "Caorle ITA"]
[Date "1972.07.??"]
[Round "11"]
[White "Eising, Johannes"]
[Black "Silva, Fernando"]
[WhiteElo "2410"]
[BlackElo "2295"]
[Result "0-1"]
[PlyCount "62"]
[EventDate "1972.07.02"]

1. c4 e6 2. Nf3 Nf6 3. g3 d5 4. Bg2 Be7 5. O-O c5 6. b3 Nc6 7. e3 O-O 8. Bb2 b6
9. Qe2 Bb7 10. Rd1 Qc7 11. Nc3 Rad8 12. d4 cxd4 13. exd4 dxc4 14. bxc4 Na5 15.
Ne5 Bxg2 16. Kxg2 Nd7 17. Nb5 Qb7+ 18. d5 Nxe5 19. Bxe5 exd5 20. cxd5 Rxd5 21.
Rxd5 Qxd5+ 22. Kg1 Nc6 23. Bb2 Bc5 24. a4 Rd8 25. Re1 h6 26. Qg4 Bf8 27. Ba1 a6
28. Nc3 Ne5 29. Qf4 Nf3+ 30. Kh1 Qh5 31. g4 Qh3 0-1

[Event "Torneo Zonale"]
[Site "Caorle ITA"]
[Date "1972.07.??"]
[Round "11"]
[White "Forintos, Gyozo Victor"]
[Black "Wirthensohn, Heinz"]
[WhiteElo "2495"]
[BlackElo "2315"]
[Result "1-0"]
[PlyCount "85"]
[EventDate "1972.07.02"]

1. Nf3 d5 2. g3 Nf6 3. Bg2 c6 4. b3 Bg4 5. Bb2 Nbd7 6. O-O e6 7. d3 Bc5 8. Nbd2
O-O 9. h3 Bh5 10. Qe1 Re8 11. e4 e5 12. Kh2 Qc7 13. Nh4 dxe4 14. dxe4 a5 15. a3
b5 16. Ndf3 Bxf3 17. Nxf3 Bf8 18. Nh4 a4 19. Qe3 axb3 20. cxb3 Nc5 21. Rfc1 Ne6
22. Bf1 Nd4 23. Nf3 c5 24. Qd3 Nxf3+ 25. Qxf3 Qb7 26. Re1 c4 27. Qf5 Ra6 28.
Kg1 Nd7 29. Rad1 Nc5 30. bxc4 Rf6 31. Qg4 bxc4 32. Ba1 Nd3 33. Bxd3 cxd3 34.
Rxd3 Qa7 35. Rf3 Rxf3 36. Qxf3 Bxa3 37. Qf5 Bc5 38. Rd1 f6 39. Kg2 Qa4 40. Rc1
Qa3 41. Qd7 Rf8 42. Qd5+ Kh8 43. Qxc5 1-0

[Event "Torneo Zonale"]
[Site "Caorle ITA"]
[Date "1972.07.??"]
[Round "11"]
[White "Friedgood, David"]
[Black "Pomar Salamanca, Arturo"]
[WhiteElo "2310"]
[BlackElo "2460"]
[Result "1/2-1/2"]
[PlyCount "31"]
[EventDate "1972.07.02"]

1. e4 c6 2. Nc3 d5 3. Nf3 Bg4 4. h3 Bxf3 5. Qxf3 e6 6. d4 Nd7 7. Bd3 g6 8. O-O
Ngf6 9. Re1 dxe4 10. Nxe4 Nxe4 11. Bxe4 Bg7 12. Bf4 O-O 13. Rad1 Qb6 14. b3 Nf6
15. c4 Nxe4 16. Qxe4 1/2-1/2

[Event "Torneo Zonale"]
[Site "Caorle ITA"]
[Date "1972.07.??"]
[Round "11"]
[White "Ivkov, Borislav"]
[Black "Bellon Lopez, Juan Manuel"]
[WhiteElo "2520"]
[BlackElo "2385"]
[Result "1/2-1/2"]
[PlyCount "82"]
[EventDate "1972.07.02"]

1. Nf3 c5 2. c4 g6 3. d4 Bg7 4. e4 cxd4 5. Nxd4 Nc6 6. Be3 Nf6 7. Nc3 O-O 8.
Be2 b6 9. O-O Bb7 10. f3 Rc8 11. Qd2 Ne8 12. Rad1 d6 13. f4 Qd7 14. b3 Nf6 15.
h3 Rcd8 16. Nc2 Qc8 17. Bf2 Nb8 18. Bf3 Nbd7 19. Rfe1 Rfe8 20. Nb4 e6 21. Nc2
a6 22. Qe3 b5 23. cxb5 Nh5 24. Nd4 Nxf4 25. bxa6 Bxa6 26. Ndb5 Bh6 27. Nxd6
Nxh3+ 28. gxh3 Bxe3 29. Nxc8 Bxf2+ 30. Kxf2 Rxc8 31. Rxd7 Rxc3 32. Red1 Rec8
33. R1d2 R8c6 34. Ra7 e5 35. Kg2 Rf6 36. Be2 Bxe2 37. Rxe2 Rff3 38. Rf2 Rg3+
39. Kf1 Rxh3 40. Rfxf7 Rc2 41. Rf2 Rh1+ 1/2-1/2

[Event "Torneo Zonale"]
[Site "Caorle ITA"]
[Date "1972.07.??"]
[Round "11"]
[White "Jansa, Vlastimil"]
[Black "Dunkelblum, Arthur"]
[WhiteElo "2480"]
[BlackElo "2240"]
[Result "1-0"]
[PlyCount "61"]
[EventDate "1972.07.02"]

1. e4 c6 2. d3 d5 3. Nd2 g6 4. g3 Bg7 5. Bg2 e5 6. Ngf3 Ne7 7. O-O O-O 8. b4 a5
9. bxa5 Qxa5 10. Bb2 Qc7 11. a4 b6 12. Re1 d4 13. c3 dxc3 14. Bxc3 c5 15. Nc4
Nd7 16. Qb3 Ba6 17. Bh3 Bxc4 18. Qxc4 Nc6 19. Reb1 Ncb8 20. Rb5 Bf6 21. Qb3 Qd6
22. Nd2 Bd8 23. Nc4 Qc7 24. a5 bxa5 25. Rb7 Qc8 26. Nd6 Qc6 27. Nc4 Qc8 28. Qb5
f5 29. exf5 gxf5 30. Re1 Nc6 31. Nxe5 1-0

[Event "Torneo Zonale"]
[Site "Caorle ITA"]
[Date "1972.07.??"]
[Round "11"]
[White "Keene, Raymond Dennis"]
[Black "Williams, Arthur Howard"]
[WhiteElo "2435"]
[BlackElo "2390"]
[Result "1/2-1/2"]
[PlyCount "30"]
[EventDate "1972.07.02"]

1. d4 Nf6 2. c4 e6 3. Nf3 b6 4. g3 Bb7 5. Bg2 Be7 6. O-O O-O 7. Nc3 Ne4 8. Bd2
d6 9. Qc2 Nxd2 10. Qxd2 Nd7 11. e4 Bf6 12. Rad1 g6 13. Ne1 Bg7 14. Nc2 Qe7 15.
Rfe1 Rad8 1/2-1/2

[Event "Torneo Zonale"]
[Site "Caorle ITA"]
[Date "1972.07.??"]
[Round "11"]
[White "Ljubojevic, Ljubomir"]
[Black "Tatai, Stefano"]
[WhiteElo "2550"]
[BlackElo "2460"]
[Result "1-0"]
[PlyCount "83"]
[EventDate "1972.07.02"]

1. e4 c5 2. Nf3 d6 3. Nc3 a6 4. d4 cxd4 5. Nxd4 Nf6 6. Bc4 e6 7. Bb3 b5 8. Be3
Qc7 9. Qe2 Qb7 10. f3 Nfd7 11. a3 Nc6 12. O-O Na5 13. Ba2 Nb6 14. f4 Nac4 15.
Bf2 Bd7 16. a4 e5 17. fxe5 dxe5 18. Nf5 Rc8 19. axb5 axb5 20. Bxb6 Qxb6+ 21.
Kh1 Be6 22. Nd5 Qb8 23. Bxc4 bxc4 24. Qg4 g6 25. Nf6+ Kd8 26. Rfd1+ Kc7 27. Qg3
gxf5 28. Qxe5+ Kb6 29. Qa5+ Kc6 30. exf5 Qb5 31. fxe6 Qxa5 32. Rxa5 Bb4 33. Ra4
Kb5 34. Ra7 Rhd8 35. Rad7 Rxd7 36. exd7 Rd8 37. Rd5+ Kc6 38. Rd4 Be7 39. Rxc4+
Kb5 40. Rf4 Bxf6 41. Rxf6 Rxd7 42. g3 1-0